000 00544nam a2200193 a 4500
005 20140311163004.0
008 030719s19uu xx 00 eng d
010 _aCollege Library
020 _a0240804023
050 _aTR 899
_b .B725 2002
100 _aBrowne, Steven E.
245 _aVideo editing :
_ba postproduction primer /
_cSteven E. Browne.
250 _a4th ed.
260 _aBoston :
_bFocal Press,
_c2002.
300 _a293 p. :
_bill. ;
_c24 cm.
650 _aVideo tapes - Editing
942 _cBK
_2lcc
_kFOR
999 _c39268
_d39268